One piece: Personnages les plus importants dans chaque arc! - Statistiques

Statistiques générales
  • Ce quiz a été pris 5 540 fois
  • Le résultat moyen est 96 sur 267
Statistiques - réponses
Réponse % Correct
Luffy
100%
Nami
99%
Zoro
99%
Sanji
98%
Chopper
97%
Robin
97%
Franky
96%
Brook
95%
Usopp
94%
Big Mom
89%
Shanks
89%
Barbe Blanche
87%
Kaido
87%
Baggy
85%
Doflamingo
82%
Teach
82%
Crocodile
81%
Garp
80%
Law
79%
Akainu
75%
Jinbei
75%
Ace
74%
Bartholomew Kuma
74%
Mihawk
74%
Moria
73%
Dragon
72%
Sabo
72%
Hancock
71%
Kizaru
71%
Sengoku
69%
Marco
65%
Vivi
65%
Katakuri
64%
Doc Q
62%
Kidd
62%
Smoker
62%
King
61%
Queen
60%
Kuzan
59%
Bonney
58%
Ener
57%
Fujitora
57%
Koby
57%
Arlong
56%
Ivankov
56%
Yasopp
56%
Lucci
53%
S-Hawk
53%
Urouge
53%
X Drake
53%
Killer
52%
Mr 1
51%
Mr 2
51%
Mr 3
51%
Mr 4
51%
Mr 5
51%
Mr 9
51%
Hawkins
50%
Bege
49%
Cracker
49%
Jack
49%
Kaku
48%
Magellan
48%
Saint Jaygarcia Saturn
48%
Apoo
47%
Ben Beckmann
47%
Tashigi
46%
Vegapunk
46%
Koala
45%
Carrot
44%
Smoothie
44%
Pudding
43%
Rayleigh
43%
Saint Marcus Mars
43%
Bellamy
42%
Im
42%
Joz
42%
Lucky Roo
42%
Neptune
42%
Pica
42%
Broggy
41%
Burgess
41%
Cesar Clown
41%
Cobra
41%
Kinemon
41%
Momonosuke
41%
Shirahoshi
41%
Vista
41%
Corazon
40%
Kong
40%
Kuro
40%
Laboon
40%
Perospero
40%
Wapol
40%
Zeff
40%
Dorry
39%
Morgan
39%
Alvida
38%
Diamante
38%
Oden
38%
Black Maria
37%
Inazuma
37%
Kalifa
37%
Shiliew
37%
Ulti
37%
Who's who
37%
Catarina Devon
36%
Crocus
36%
Perona
36%
Trebol
36%
Tsuru
36%
Baby 5
35%
Foxy
35%
Gin
35%
Hiluluk
35%
Bon Clay
34%
Brulée
34%
Dadan
34%
Kureha
34%
Pedro
34%
Sugar
34%
Vergo
34%
Hody Jones
33%
Krieg
33%
Laffite
33%
Monet
33%
Rebecca
33%
Absalom
32%
Nekomamushi
32%
Octy
32%
Oz
32%
Page One
32%
Van Augur
32%
Yamato
32%
Ryokugyu
31%
Spandam
31%
Weevil
31%
Blueno
30%
Inuarashi
30%
Pacifista
30%
Kaya
29%
Senor Pink
29%
Hermepp
28%
Raizo
28%
Sentomaru
28%
Avalo Pizzaro
27%
Bartoloméo
27%
Miss Valentine
27%
Norland
27%
Kanjuro
26%
Sasaki
26%
S-Snake
26%
Cavendish
25%
Jabura
25%
Lilith
25%
Miss Merrychristmas
25%
Pekoms
25%
Sanjuan Wolf
25%
Tama
25%
Violette
25%
Dellinger
24%
Hack
24%
Jango
24%
Ryuma
24%
S-Bear
24%
S-Shark
24%
Wiper
24%
Belo Betty
23%
Buffalo
23%
Hina
23%
Hogback
23%
Kyros
23%
Lao G
23%
Léo
23%
Momonga
23%
Nojiko
23%
Paulie
23%
Shaka
23%
Vasco Shot
23%
Judge
22%
Karasu
22%
Laura
22%
Miss Doublefinger
22%
Miss Goldenweek
22%
Saint Shepherd Ju Peter
22%
Van Der Decken II
22%
Cabaji
21%
Marigold
21%
Morley
21%
Niji
21%
Orochi
21%
Reiju
21%
Sandersonia
21%
Zeus
21%
Cricket
20%
Edison
20%
Ichiji
20%
Smack
20%
Yonji
20%
York
20%
Atlas
19%
Fisher Tiger
19%
Gladius
19%
Saint Topman Warcury
19%
Hanyabal
18%
Morge
18%
Napoléon
18%
Otohime
18%
Tamago
18%
Camie
17%
Chiffon
17%
Jora
17%
Riku
17%
Saint Ethanbaron V. Nusjuro
17%
Stussy
17%
Belmere
16%
Conis
16%
Denjiro
16%
Fukaboshi
16%
Koza
16%
Lindbergh
16%
Margaret
16%
Pythagoras
16%
Richie
16%
Ashura
15%
Fukuro
15%
Izou
15%
Kawamatsu
15%
Machvise
15%
Ohm
15%
Sadi
15%
Satori
15%
Squardo
15%
Gan Forr
14%
Johnny
14%
Prométheus
14%
Calgara
13%
Hiyori
13%
Kumadori
13%
Kuroobi
13%
Morgans
13%
Bastille
12%
Duval
12%
Gaimon
12%
Gedatsu
12%
Pierre
12%
Yosaku
12%
Kikunojo
11%
Manboshi
11%
Sarquiss
11%
Sauro
11%
Shura
11%
Masira
10%
Minotaure
10%
Nero
10%
Aisa
9%
Nyon
9%
Pagaya
9%
Ryuboshi
9%
Shojo
9%
Olvia
8%
Pappug
8%
Shinobu
8%
Wanze
8%
Megalo
7%
Peeply Lulu
7%
Tilestone
7%
Aucun quiz correspondant
Distribution des résultats
% des personnes avec chaque résultat
Percentile par nombre de réponses
Votre historique - résultats
Vous n’avez pas pris ce quiz